Les 10 villes des États-Unis les plus peuplées commençant par M - Statistiques

Statistiques générales
  • Ce quiz a été pris 28 fois
  • Le résultat moyen est 4 sur 10
Statistiques - réponses
# Ville Population % Correct
5 Minneapolis 425.115
85%
2 Milwaukee 561.385
81%
1 Memphis 618.639
77%
4 Miami 455.924
73%
6 Madison 280.305
31%
3 Mesa 511.648
31%
10 Montgomery 195.287
31%
8 McKinney 213.509
4%
7 Modesto 218.915
4%
9 Moreno Valley 212.392
4%
Aucun quiz correspondant
Distribution des résultats
% des personnes avec chaque résultat
Percentile par nombre de réponses
Votre historique - résultats
Vous n’avez pas pris ce quiz